Disposal of old tyres (Record no. 46108)

MARC details
000 -LEADER
fixed length control field 00271nam a2200109Ia 4500
245 #0 - TITLE STATEMENT
Title Disposal of old tyres
260 ## - PUBLICATION, DISTRIBUTION, ETC. (IMPRINT)
Name of publisher IRRDB Commentary
Year of publication 1990
300 ## - PHYSICAL DESCRIPTION
Number of Pages 21-22
520 ## - SUMMARY, ETC.
Summary, etc See Earthquake articles file
942 ## - ADDED ENTRY ELEMENTS (KOHA)
Koha item type Reprints
Holdings
Withdrawn status Lost status Damaged status Not for loan Home library Current library Date acquired Serial Enumeration / chronology Koha item type
      Reprints RRII Library RRII Library 22/12/2021 Volume 90?4, Issue May Reprints